MODERN MACHINING PROCESSES (Record no. 14364)

MARC details
000 -LEADER
fixed length control field 00329nam a22001457a 4500
003 - CONTROL NUMBER IDENTIFIER
control field SGT
020 ## - INTERNATIONAL STANDARD BOOK NUMBER
International Standard Book Number 978-0-07-096553-9
082 ## - DEWEY DECIMAL CLASSIFICATION NUMBER
Classification number 621.8
Item number PAN
100 ## - MAIN ENTRY--PERSONAL NAME
Personal name PANDEY,P.C
245 ## - TITLE STATEMENT
Title MODERN MACHINING PROCESSES
260 ## - PUBLICATION, DISTRIBUTION, ETC. (IMPRINT)
Place of publication, distribution, etc CHENNAI
Name of publisher, distributor, etc MC-GRAW HILL
Year of Publication 2016
300 ## - PAGE DESCRIPTION
No. of Pages 168
650 ## - SUBJECT ADDED ENTRY--TOPICAL TERM
Topical term or geographic name as entry element MECHANICAL ENGINEERING
942 ## - ADDED ENTRY ELEMENTS (KOHA)
Source of classification or shelving scheme Dewey Decimal Classification
Koha item type Books
Holdings
Withdrawn status Lost status Source of classification or shelving scheme Damaged status Not for loan Collection code Home library Current library Shelving location Date acquired Vendor Name Cost, normal purchase price SGTU Bill Number Total Checkouts Full call number Accession No. (Barcode) Date last seen Date last borrowed Bill Date Koha item type
    Dewey Decimal Classification     ENGINEERING SGT Engineering Library SGT Engineering Library Text Book 03/01/2018 KIRTI PRAKASHAN (NEW DELHI ) 430.00 SGTU IN1297 1 621.8 PAN FE6906 14/03/2018 14/03/2018   Books
    Dewey Decimal Classification     ENGINEERING SGT Engineering Library SGT Engineering Library Text Book 03/01/2018 KIRTI PRAKASHAN (NEW DELHI ) 430.00 SGTU IN1297   621.8 PAN FE6907 03/01/2018     Books
    Dewey Decimal Classification     ENGINEERING SGT Engineering Library SGT Engineering Library Text Book 03/01/2018 KIRTI PRAKASHAN (NEW DELHI ) 430.00 SGTU IN1297   621.8 PAN FE6908 03/01/2018     Books
    Dewey Decimal Classification     ENGINEERING SGT Engineering Library SGT Engineering Library Text Book 03/01/2018 KIRTI PRAKASHAN (NEW DELHI ) 430.00 SGTU IN1297   621.8 PAN FE6909 03/01/2018     Books
    Dewey Decimal Classification     ENGINEERING SGT Engineering Library SGT Engineering Library Text Book 03/01/2018 KIRTI PRAKASHAN (NEW DELHI ) 430.00 SGTU IN1297   621.8 PAN FE6910 03/01/2018     Books